Statistics for Mother Mother - Oh Ana Lyrics Quiz

Click here to take the quiz!

General Stats

  • This quiz has been taken 8 times
    (7 since last reset)
  • The average score is 205 of 226

Answer Stats

HintAnswer% Correct
a
100%
and
100%
away
100%
bath
100%
be
100%
blood
100%
breathe
100%
evaporate
100%
god
100%
God,
100%
God
100%
god,
100%
head
100%
Hold
100%
I
100%
Lyrics:I'll
100%
my
100%
play
100%
Slit
100%
the
100%
this
100%
today
100%
under
100%
watch
100%
wrists
100%
Ana,
86%
Ana
86%
Ana's
86%
angel
86%
Ante
86%
are
86%
Being
86%
can't
86%
change
86%
cloud
86%
couldn't
86%
decay
86%
fake
86%
Faking
86%
for
86%
game
86%
godly
86%
good
86%
hear
86%
Hop
86%
it
86%
Kill,
86%
kill
86%
Kill
86%
me
86%
Oh
86%
Oh,
86%
on
86%
our
86%
Playing
86%
poker
86%
safety,
86%
spare
86%
still
86%
that
86%
up
86%
Walk
86%
with
86%
world
86%
You
86%
you
86%
all
71%
baby,
71%
crazy
71%
God's
71%
I'm
71%
laugh
71%
little
71%
No,
71%
not
71%
shoulders
71%
we'll
71%

Score Distribution

Percentile by Number Answered

Percent of People with Each Score

Your Score History

You have not taken this quiz since the last reset